Inflation effect to the interest rates on the sides of loan and non-performing loan to the banking system
Saved in:
| 主要作者: | |
|---|---|
| 格式: | Thesis 圖書 |
| 語言: | English |
| 主題: | |
| 標簽: |
添加標簽
沒有標簽, 成為第一個標記此記錄!
|
| LEADER | 00937cam a2200253 7i4500 | ||
|---|---|---|---|
| 001 | 0000037340 | ||
| 005 | 20191216090000.0 | ||
| 008 | 021119s2000 my eng | ||
| 040 | |a UniSZA | ||
| 050 | 0 | 0 | |a HG229 |
| 090 | 0 | 0 | |a HG229 |b .M37 2000 |
| 100 | 0 | |a Maraini Ibrahim |e author | |
| 245 | 1 | 0 | |a Inflation effect to the interest rates on the sides of loan and non-performing loan to the banking system |c Maraini binti Ibrahim. |
| 264 | 0 | |c 2000. | |
| 300 | |a 89 leaves; |c 30 cm. | ||
| 336 | |a text |2 rdacontent | ||
| 337 | |a unmediated |2 rdamedia | ||
| 338 | |a volume |2 rdacarrier | ||
| 502 | |a Thesis (BBA Finance) -- Universiti Teknologi Mara-KUSZA Terengganu, 2000 | ||
| 610 | 2 | 0 | |a Universiti Teknologi Mara -- |x Dissertations |
| 650 | 0 | |a Dissertations, Academic -- |z Terengganu -- |z Malaysia | |
| 650 | 0 | |a Inflation (Finance) | |
| 710 | 2 | |a Universiti Teknologi Mara | |
| 999 | |a 1000082111 |b Thesis |c Reference |e Badak Thesis Collection | ||
